Statistická ročenka Československé socialistické republiky 1974

Gespeichert in:
Bibliographische Detailangaben
Format: Buch
Sprache:Tschechisch
Veröffentlicht: Praha Státní nakladatelství technické literatury 1974
Tags: Tag hinzufügen
Keine Tags, Fügen Sie das erste Tag hinzu!

MARC

LEADER 00000nam a2200000 4500
001 c120557
005 20041019155217.3
041 0 |a cze 
044 |a CZ 
245 1 0 |a Statistická ročenka Československé socialistické republiky 1974 
264 1 |a Praha  |b Státní nakladatelství technické literatury  |c 1974 
300 |a 621 s.